<?xml version="1.0" encoding="UTF-8"?>
<record
    xmlns:xsi="http://www.w3.org/2001/XMLSchema-instance"
    xsi:schemaLocation="http://www.loc.gov/MARC21/slim http://www.loc.gov/standards/marcxml/schema/MARC21slim.xsd"
    xmlns="http://www.loc.gov/MARC21/slim">

  <leader>00578nam a2200169 a 4500</leader>
  <controlfield tag="003">OSt</controlfield>
  <controlfield tag="005">20150408114125.0</controlfield>
  <controlfield tag="008">130312n19uu       ||||g |||| 00| 0 ara d</controlfield>
  <datafield tag="040" ind1=" " ind2=" ">
    <subfield code="a">MA_UN</subfield>
  </datafield>
  <datafield tag="082" ind1="0" ind2="4">
    <subfield code="2">21</subfield>
    <subfield code="a">332.6</subfield>
    <subfield code="b">&#x639; &#x645; &#x623;</subfield>
  </datafield>
  <datafield tag="100" ind1="1" ind2=" ">
    <subfield code="a">&#x639;&#x628;&#x62F; &#x627;&#x644;&#x646;&#x628;&#x64A;&#x60C; &#x645;&#x62D;&#x645;&#x62F; &#x623;&#x62D;&#x645;&#x62F;</subfield>
    <subfield code="9">12714</subfield>
  </datafield>
  <datafield tag="245" ind1="1" ind2="2">
    <subfield code="a">&#x627;&#x644;&#x623;&#x633;&#x648;&#x627;&#x642; &#x627;&#x644;&#x645;&#x627;&#x644;&#x64A;&#x629; :</subfield>
    <subfield code="b">(&#x627;&#x644;&#x623;&#x635;&#x648;&#x644; &#x627;&#x644;&#x639;&#x644;&#x645;&#x64A;&#x629; &#x648;&#x627;&#x644;&#x62A;&#x62D;&#x644;&#x64A;&#x644; &#x627;&#x644;&#x623;&#x633;&#x627;&#x633;&#x64A;) /</subfield>
    <subfield code="c">&#x645;&#x62D;&#x645;&#x62F; &#x623;&#x62D;&#x645;&#x62F; &#x639;&#x628;&#x62F; &#x627;&#x644;&#x646;&#x628;&#x64A;.</subfield>
  </datafield>
  <datafield tag="260" ind1=" " ind2=" ">
    <subfield code="a">[&#x62F;. &#x645;. :</subfield>
    <subfield code="b">&#x62F;. &#x646;.&#x60C;</subfield>
    <subfield code="c">19--</subfield>
    <subfield code="m">13--]</subfield>
  </datafield>
  <datafield tag="300" ind1=" " ind2=" ">
    <subfield code="a">149 &#x635;. &#x61B;</subfield>
    <subfield code="c">24 &#x633;&#x645;.</subfield>
  </datafield>
  <datafield tag="650" ind1=" " ind2="7">
    <subfield code="2">aucsh</subfield>
    <subfield code="a">&#x627;&#x644;&#x628;&#x648;&#x631;&#x635;&#x627;&#x62A;</subfield>
  </datafield>
  <datafield tag="942" ind1=" " ind2=" ">
    <subfield code="2">ddc</subfield>
    <subfield code="c">BOOK</subfield>
  </datafield>
  <datafield tag="999" ind1=" " ind2=" ">
    <subfield code="c">28857</subfield>
    <subfield code="d">263357</subfield>
  </datafield>
  <datafield tag="952" ind1=" " ind2=" ">
    <subfield code="1">0</subfield>
    <subfield code="2">2013-03-28</subfield>
    <subfield code="4">0</subfield>
    <subfield code="7">1</subfield>
    <subfield code="a">332.6 &#x639; &#x645; &#x623;</subfield>
    <subfield code="c">1</subfield>
    <subfield code="d">2013-03-28</subfield>
    <subfield code="h">CL</subfield>
    <subfield code="i">00205760</subfield>
    <subfield code="m">CL</subfield>
    <subfield code="r">2013-03-28 00:00:00</subfield>
    <subfield code="t">BOOK</subfield>
    <subfield code="w">ddc</subfield>
    <subfield code="y">0</subfield>
  </datafield>
  <datafield tag="952" ind1=" " ind2=" ">
    <subfield code="1">0</subfield>
    <subfield code="2">2013-03-28</subfield>
    <subfield code="4">0</subfield>
    <subfield code="7">0</subfield>
    <subfield code="a">332.6 &#x639; &#x645; &#x623;</subfield>
    <subfield code="c">2</subfield>
    <subfield code="d">2013-03-28</subfield>
    <subfield code="h">CL</subfield>
    <subfield code="i">00205759</subfield>
    <subfield code="m">CL</subfield>
    <subfield code="r">2013-03-28 00:00:00</subfield>
    <subfield code="t">BOOK</subfield>
    <subfield code="w">ddc</subfield>
    <subfield code="y">0</subfield>
  </datafield>
  <datafield tag="952" ind1=" " ind2=" ">
    <subfield code="1">0</subfield>
    <subfield code="2">2013-03-28</subfield>
    <subfield code="4">0</subfield>
    <subfield code="7">0</subfield>
    <subfield code="a">332.6 &#x639; &#x645; &#x623;</subfield>
    <subfield code="c">3</subfield>
    <subfield code="d">2013-03-28</subfield>
    <subfield code="h">CL</subfield>
    <subfield code="i">00205758</subfield>
    <subfield code="m">CL</subfield>
    <subfield code="r">2013-03-28 00:00:00</subfield>
    <subfield code="t">BOOK</subfield>
    <subfield code="w">ddc</subfield>
    <subfield code="y">0</subfield>
  </datafield>
  <datafield tag="952" ind1=" " ind2=" ">
    <subfield code="1">0</subfield>
    <subfield code="2">2013-03-28</subfield>
    <subfield code="4">0</subfield>
    <subfield code="7">1</subfield>
    <subfield code="a">332.6 &#x639; &#x645; &#x623;</subfield>
    <subfield code="c">1</subfield>
    <subfield code="d">2013-03-28</subfield>
    <subfield code="h">SZM</subfield>
    <subfield code="i">00205761</subfield>
    <subfield code="m">SZM</subfield>
    <subfield code="r">2013-03-28 00:00:00</subfield>
    <subfield code="t">BOOK</subfield>
    <subfield code="w">ddc</subfield>
    <subfield code="y">0</subfield>
  </datafield>
  <datafield tag="952" ind1=" " ind2=" ">
    <subfield code="1">0</subfield>
    <subfield code="2">2013-03-28</subfield>
    <subfield code="4">0</subfield>
    <subfield code="7">0</subfield>
    <subfield code="a">332.6 &#x639; &#x645; &#x623;</subfield>
    <subfield code="c">2</subfield>
    <subfield code="d">2013-03-28</subfield>
    <subfield code="h">SZM</subfield>
    <subfield code="i">00205762</subfield>
    <subfield code="m">SZM</subfield>
    <subfield code="r">2013-03-28 00:00:00</subfield>
    <subfield code="t">BOOK</subfield>
    <subfield code="w">ddc</subfield>
    <subfield code="y">0</subfield>
  </datafield>
</record>
